Radca spotrebiteľa

Z obsahu prílohy: Vzťah zákazník - obchodník ďaleko od harmónie? Koľko sa nabeháme za záručným servisom. Aj u nás máme obchody, v ktorých vítajú deti. Zákon Národnej rady SR č. 67/1997 Z. z. o ochrane nefajčiarov.

Gespeichert in:
Bibliographische Detailangaben
1. Verfasser: Černá, M.
Weitere Verfasser: Miháliková, A.
Format: Buchkapitel
Sprache:Slowakisch
Schlagworte:
Tags: Tag hinzufügen
Keine Tags, Fügen Sie das erste Tag hinzu!

MARC

LEADER 00000naa a2200000 4500
001 r025783
005 20230824084056.0
041 0 |a slo 
044 |a SK 
245 1 0 |a Radca spotrebiteľa  |c M. Černá, A. Miháliková 
520 |a Z obsahu prílohy: Vzťah zákazník - obchodník ďaleko od harmónie? Koľko sa nabeháme za záručným servisom. Aj u nás máme obchody, v ktorých vítajú deti. Zákon Národnej rady SR č. 67/1997 Z. z. o ochrane nefajčiarov. 
610 2 0 |a Európa 
610 2 0 |a Slovensko 
610 2 0 |a ochrana spotrebiteľa 
610 2 0 |a zákazníci 
610 2 0 |a zákony 
100 1 |a Černá, M. 
700 1 |a Miháliková, A.